书目信息 |
| 题名: |
真实的背后没有真实
|
|
| 作者: | 顾铮 著 | |
| 分册: | ||
| 出版信息: | 北京 中国工人出版社 2002 |
|
| 页数: | 235页 | |
| 开本: | 21cm | |
| 丛书名: | 现代摄影人丛书 | |
| 单 册: | ||
| 中图分类: | J405.1 | |
| 科图分类: | ||
| 主题词: | 摄影艺术--艺术评论--外国 , 摄影艺术 , 艺术评论 | |
| 电子资源: | ||
| ISBN: | 7-5008-2805-5 | |
| 000 | 00942nam2 2200289 45 | |
| 001 | 075000000112 | |
| 005 | 20020808171220.5 | |
| 010 | @a7-5008-2805-5@dCNY25.00 | |
| 100 | @a20040217d em y0chiy0110 ea | |
| 101 | 0 | @achi |
| 102 | @aCN@b110000 | |
| 105 | @aa z 000yy | |
| 200 | 1 | @a真实的背后没有真实@Azhen shi de bei hou mei you zhen shi@e20世纪现代摄影实践@f顾铮著@Fgu zheng zhu |
| 210 | @a北京@c中国工人出版社@d2002 | |
| 215 | @a235页@c照片@d21cm | |
| 225 | 2 | @a现代摄影人丛书 |
| 330 | @a本书内容包括:“国外摄影表现实践论”、“当代摄影文化研究”、“摄影的现代与后现代”。 | |
| 517 | 1 | @a20世纪现代摄影实践@A20 shi ji xian dai she ying shi jian |
| 606 | 0 | @a摄影艺术@x艺术评论@y外国 |
| 606 | 0 | @a摄影艺术 |
| 606 | 0 | @a艺术评论 |
| 690 | @aJ405.1@v4 | |
| 701 | 0 | @a顾铮@Agu zheng@4著 |
| 801 | 0 | @aCN@bNLC@c20020808 |
| 905 | @aBZT@dJ405.1@e1 | |
| 906 | @dCNY25.00@n0@r1 | |
| 999 | @tC@Asongqian@a20040217 14:58:24 | |
| 真实的背后没有真实:20世纪现代摄影实践/顾铮著.-北京:中国工人出版社,2002 |
| 235页:照片;21cm.-(现代摄影人丛书) |
| ISBN 7-5008-2805-5:CNY25.00 |
| 本书内容包括:“国外摄影表现实践论”、“当代摄影文化研究”、“摄影的现代与后现代”。 |
| ● |
| 相关链接 |
|
|
|
正题名:真实的背后没有真实
索取号:J405.1/1
 
预约/预借
| 序号 | 登录号 | 条形码 | 馆藏地/架位号 | 状态 | 备注 |
| 1 | 428963 | 210576401 | 中心书库中库/ 中库019架A面1列4层41/ [索取号:J405.1/1] | 在馆 |